000 00297nam a22001457a 4500
008 221123b ||||| |||| 00| 0 eng d
020 _a9781943009527
041 _aeng
080 _a004
082 _a004PCS
100 _a18
101 _aSHKP
245 _aICD.10.PCS
_cPCS
942 _2udc
_cBK
999 _c59012
_d59012